000
00231 a2200097 4500
001
34671
100
_a
Gunderloy, Miko
245
_a
Visual Basic Developer's guide to ADO
260
_a
New Delhi
_b
BPB
_c
1999
090
_c
22955
_d
22955
942
_a
NUST-CAE
_c
M
_c
14397
999
_c
269744
_d
269744